[Event "GRE-chT 43rd"]
[Site "Porto Rio"]
[Date "2015.10.09"]
[Round "3.4"]
[White "Adamis, Petros"]
[Black "Kokkalis, Haralabos"]
[Result "1/2-1/2"]
[WhiteElo "1673"]
[BlackElo "1857"]
[PlyCount "70"]
[EventDate "2015.10.08"]
[EventType "team-swiss"]
[EventRounds "7"]
[EventCountry "GRE"]
[SourceTitle "CBM 168 Extra"]
[Source "ChessBase"]
[SourceDate "2015.10.29"]
[SourceVersion "1"]
[SourceVersionDate "2015.10.29"]
[SourceQuality "1"]
[WhiteTeam "Korinthias Argonaftis"]
[BlackTeam "Orekastro Marion"]
[WhiteTeamCountry "GRE"]
[BlackTeamCountry "GRE"]

1. d4 d6 2. c4 e5 3. Nc3 exd4 4. Qxd4 Nc6 5. Qd1 Nf6 6. e4 Be7 7. Nf3 Bg4 8. Be2 0-0 9. 0-0 Re8 10. Re1 Qd7 11. Nd4 Nxd4 12. Qxd4 Bxe2 13. Rxe2 Qc6 14. f3 Nd7 15. Nd5 Bf8 16. b3 Nb6 17. Bb2 Nxd5 18. cxd5 Qb6 19. Rc2 Rac8 20. Rac1 Qa5 21. Bc3 Qa6 22. Bb4 c5 23. dxc6 Rxc6 24. Rxc6 bxc6 25. Bxd6 Qxa2 26. Bxf8 Rxf8 27. Qd3 Qa5 28. Qc3 Qb6+ 29. Kf1 h6 30. Qxc6 Qxb3 31. Qa6 Qb8 32. h3 Rd8 33. Ra1 Rd7 34. Rc1 Rd8 35. Ra1 Rd7 1/2-1/2

[Event "GRE-ch U16"]
[Site "Greece"]
[Date "2014.07.04"]
[Round "1"]
[White "Adamis, Petros"]
[Black "Ioannidis, Evgenios"]
[Result "0-1"]
[WhiteElo "1679"]
[BlackElo "2059"]
[PlyCount "64"]
[EventDate "2014.07.04"]
[EventType "swiss"]
[EventRounds "9"]
[EventCountry "GRE"]
[SourceTitle "EXT 2017"]
[Source "ChessBase"]
[SourceDate "2016.10.25"]
[SourceVersion "1"]
[SourceVersionDate "2016.10.25"]
[SourceQuality "1"]

1. d4 Nf6 2. c4 e6 3. g3 d5 4. Bg2 Bb4+ 5. Bd2 Be7 6. Nf3 0-0 7. Qc2 c6 8. 0-0 b6 9. Rd1 Ba6 10. b3 Nbd7 11. a4 c5 12. Bc1 Rc8 13. Nbd2 cxd4 14. Nxd4 Bc5 15. Nb5 Bxb5 16. axb5 Bxf2+ 17. Kxf2 Ng4+ 18. Kg1 Qf6 19. Nf1 Qxa1 20. Bb2 Qa5 21. Ra1 Qb4 22. Ba3 Qxb5 23. Bxf8 Nxf8 24. Qxh7+ Kxh7 25. cxb5 Rc7 26. Ra4 Nf6 27. Kf2 N8d7 28. Ra2 Ne5 29. h3 Ne8 30. Nd2 Nd6 31. Nf3 Nxf3 32. Bxf3 Nxb5 0-1

[Event "Nikaia op-B 20th"]
[Site "Nikaia"]
[Date "2012.08.26"]
[Round "2.4"]
[White "Adamis, Petros"]
[Black "Bouboulis, Spyridon Odysseys"]
[Result "1/2-1/2"]
[WhiteElo "1508"]
[BlackElo "1730"]
[PlyCount "41"]
[EventDate "2012.08.26"]
[EventType "swiss"]
[EventRounds "9"]
[EventCountry "GRE"]
[SourceTitle "EXT 2024"]
[Source "ChessBase"]
[SourceDate "2023.10.10"]
[SourceVersion "1"]
[SourceVersionDate "2023.10.10"]
[SourceQuality "1"]

1. e4 c5 2. Nf3 e6 3. b3 b6 4. d4 cxd4 5. Nxd4 Bb7 6. Nb5 d6 7. Ba3 a6 8. Nxd6+ Bxd6 9. Qxd6 Qxd6 10. Bxd6 Bxe4 11. Nd2 Bb7 12. Nc4 Nd7 13. Bc7 Bd5 14. Nxb6 Nxb6 15. Bxb6 Nf6 16. c4 Bc6 17. f3 0-0 18. 0-0-0 Rfc8 19. Be2 a5 20. Kb2 Nd7 21. Be3 1/2-1/2

[Event "GRE-ch U12"]
[Site "Eretria"]
[Date "2011.06.25"]
[Round "1.7"]
[White "Adamis, Petros"]
[Black "Ballas, Athanasios Panag"]
[Result "0-1"]
[WhiteElo "1416"]
[BlackElo "1715"]
[PlyCount "84"]
[EventDate "2011.06.25"]
[EventType "swiss"]
[EventRounds "9"]
[EventCountry "GRE"]
[SourceTitle "EXT 2024"]
[Source "ChessBase"]
[SourceDate "2023.10.10"]
[SourceVersion "1"]
[SourceVersionDate "2023.10.10"]
[SourceQuality "1"]

1. e4 c5 2. Nf3 e6 3. d4 cxd4 4. Nxd4 Nc6 5. Nc3 Qc7 6. Be3 a6 7. Qd2 Nf6 8. 0-0-0 Bb4 9. f3 Ne5 10. Nb3 0-0 11. Kb1 Bxc3 12. Qxc3 Qxc3 13. bxc3 Ng6 14. g4 b5 15. Be2 d5 16. g5 Nh5 17. Rdf1 Nhf4 18. Bd3 Rd8 19. Nc5 Rb8 20. Ka1 e5 21. Bd2 Bh3 22. Rf2 Rb6 23. Bf1 Rc6 24. Nb7 Rd7 25. Na5 Rcd6 26. Bxf4 Nxf4 27. Kb2 Rg6 28. Rg1 Bxf1 29. Rfxf1 Nh3 30. Rg3 Nxg5 31. exd5 Rxd5 32. Nb3 Ne6 33. Re1 Rxg3 34. hxg3 f6 35. Ka3 Rd6 36. Kb4 Kf7 37. Ka5 Rc6 38. Re3 Nd8 39. Nd2 Nb7+ 40. Kb4 Nd6 41. Kb3 h5 42. a3 Nf5 0-1

[Event "GRE-ch U12"]
[Site "Kallithea"]
[Date "2010.06.29"]
[Round "5"]
[White "Ladas, Dimitrios"]
[Black "Adamis, Petros"]
[Result "1-0"]
[WhiteElo "1690"]
[BlackElo "1544"]
[PlyCount "169"]
[EventDate "2010.06.26"]
[EventType "swiss"]
[EventRounds "9"]
[EventCountry "GRE"]
[SourceTitle "EXT 2012"]
[Source "ChessBase"]
[SourceDate "2011.11.24"]
[SourceVersion "1"]
[SourceVersionDate "2011.11.24"]
[SourceQuality "1"]

1. d4 d5 2. Nf3 Nf6 3. Bf4 Bf5 4. e3 e6 5. c4 Bd6 6. Bxd6 Qxd6 7. Qb3 b6 8. Nc3 c6 9. Be2 0-0 10. 0-0 Nbd7 11. Rac1 Rfc8 12. h3 a5 13. Nh4 Bg6 14. Nxg6 hxg6 15. cxd5 exd5 16. Rc2 Kh7 17. Rfc1 Rh8 18. Na4 b5 19. Nc5 Nb6 20. Nd3 Nc4 21. Qc3 Rhb8 22. b3 b4 23. Qe1 Nb6 24. Rxc6 Qf8 25. Ne5 Qe7 26. Rc7 Qe8 27. Nxf7 Nbd7 28. Nd6 Qe7 29. Nb5 Qf8 30. Ra7 Rxa7 31. Nxa7 Ra8 32. Nb5 a4 33. Ra1 axb3 34. axb3 Rc8 35. Ra4 Rc2 36. Bd3 Rb2 37. Qxb4 Qxb4 38. Rxb4 Rd2 39. Bf1 Ne4 40. Kh2 Nxf2 41. Nc7 Nf6 42. Rb7 Rd1 43. Bb5 N6e4 44. g4 Rh1+ 45. Kg2 Rxh3 46. Nxd5 Rg3+ 47. Kf1 Rxg4 48. Nf6+ Nxf6 49. Kxf2 Rg5 50. Bd3 Ng4+ 51. Ke2 Nh2 52. b4 Rg2+ 53. Kd1 Nf3 54. Be4 Rg1+ 55. Kc2 Nxd4+ 56. exd4 Re1 57. Bd3 Re6 58. b5 Rd6 59. Kc3 Kh6 60. b6 g5 61. Rb8 g4 62. b7 Kg5 63. Rg8 Rc6+ 64. Kd2 Rb6 65. b8Q Rxb8 66. Rxb8 g3 67. Be4 Kf4 68. Bg2 g6 69. d5 Ke5 70. Rb3 g5 71. Rxg3 Kd6 72. Rxg5 Ke7 73. Rg6 Kd7 74. Kc3 Kc7 75. Kc4 Kd7 76. Kc5 Ke7 77. d6+ Kf7 78. Be4 Ke8 79. Rg7 Kd8 80. Kc6 Ke8 81. d7+ Kd8 82. Rg8+ Ke7 83. d8Q+ Kf7 84. Qe8+ Kf6 85. Rg6# 1-0

[Event "GRE-ch U12"]
[Site "Kallithea"]
[Date "2010.06.27"]
[Round "2"]
[White "Grigoriadis, Mihail"]
[Black "Adamis, Petros"]
[Result "1-0"]
[WhiteElo "1661"]
[BlackElo "1544"]
[PlyCount "135"]
[EventDate "2010.06.26"]
[EventType "swiss"]
[EventRounds "9"]
[EventCountry "GRE"]
[SourceTitle "EXT 2012"]
[Source "ChessBase"]
[SourceDate "2011.11.24"]
[SourceVersion "1"]
[SourceVersionDate "2011.11.24"]
[SourceQuality "1"]

1. e4 Nc6 2. d4 d5 3. exd5 Qxd5 4. Nf3 Bg4 5. Be2 0-0-0 6. c4 Qd7 7. d5 Bxf3 8. gxf3 Ne5 9. Qd4 Qf5 10. Nd2 Nc6 11. Qc3 Nb8 12. Nb3 e6 13. Nd4 Qf6 14. Rg1 Bc5 15. Be3 Ne7 16. b4 Bxd4 17. Bxd4 Qh6 18. Bxg7 Qxh2 19. 0-0-0 Rhg8 20. dxe6 fxe6 21. Qf6 Nec6 22. Qxe6+ Nd7 23. Rg3 Qxf2 24. Rxd7 Rxd7 25. Qxg8+ Rd8 26. Qe6+ Rd7 27. Rg4 Qe1+ 28. Kb2 Qd2+ 29. Kb1 Nxb4 30. Bb2 Qe1+ 31. Bc1 Nc6 32. Rg8+ Nd8 33. Rg7 Qb4+ 34. Kc2 Qa4+ 35. Kc3 Qa5+ 36. Kb3 Qb6+ 37. Qxb6 axb6 38. Rxd7 Kxd7 39. Bd3 h5 40. Bg5 Nf7 41. Bh4 Ne5 42. Bf5+ Ke8 43. Be4 c6 44. f4 Nd7 45. Bg6+ Kf8 46. Bxh5 Kg7 47. Bd8 Nc5+ 48. Kc3 Ne4+ 49. Kd4 Nf6 50. Bxf6+ Kxf6 51. Bg4 Ke7 52. Bc8 Kd6 53. Bxb7 c5+ 54. Ke4 Ke6 55. a4 Kd7 56. f5 Ke7 57. Ke5 Kd8 58. Ke6 Ke8 59. f6 Kf8 60. f7 Kg7 61. Ke7 Kg6 62. f8Q Kg5 63. Qf6+ Kh5 64. Qg7 b5 65. axb5 Kh4 66. Qg6 Kh3 67. Qg5 Kh2 68. Qg2# 1-0

[Event "Nikea Fysiolatriko op-B 08th"]
[Site "Nikea"]
[Date "2010.06.20"]
[Round "5.1"]
[White "Adamis, Petros"]
[Black "Tsoumba, Maria"]
[Result "1/2-1/2"]
[WhiteElo "1544"]
[BlackElo "1417"]
[PlyCount "104"]
[EventDate "2010.06.17"]
[EventType "swiss"]
[EventRounds "9"]
[EventCountry "GRE"]
[SourceTitle "EXT 2024"]
[Source "ChessBase"]
[SourceDate "2023.10.10"]
[SourceVersion "1"]
[SourceVersionDate "2023.10.10"]
[SourceQuality "1"]

1. e4 d5 2. exd5 Qxd5 3. Nc3 Qa5 4. d4 c6 5. Bc4 Bf5 6. Nge2 Nf6 7. 0-0 e6 8. Ng3 Bg6 9. f4 Bb4 10. f5 Bxc3 11. fxg6 hxg6 12. bxc3 Qxc3 13. Qd3 Qa5 14. Bd2 Qc7 15. Qf3 Nbd7 16. Qf4 Qxf4 17. Bxf4 Nb6 18. Bb3 Ke7 19. Rae1 Rad8 20. c3 Ng4 21. h3 Nf6 22. Bg5 Nbd7 23. d5 cxd5 24. Bxd5 Nc5 25. Bc4 Rc8 26. Bb3 Nd3 27. Re3 Nc5 28. Ref3 Nxb3 29. axb3 Rh7 30. Ne4 Rh5 31. Bxf6+ gxf6 32. Nxf6 Rf5 33. Ne4 Rc7 34. Ng3 Rxf3 35. Rxf3 f5 36. Ne2 e5 37. Re3 Kf6 38. h4 Rh7 39. Rh3 e4 40. Kf2 Ke5 41. Ke3 Rf7 42. g3 Rd7 43. Nd4 Rc7 44. Ne2 Rd7 45. Nc1 Rd1 46. Ne2 Rd3+ 47. Kf2 e3+ 48. Ke1 Ke4 49. Rh1 Rd2 50. Rh2 Rb2 51. Kd1 Rd2+ 52. Ke1 Rb2 1/2-1/2